LEADER 01015nam a2200253 i 4500 001 000000172308 003 CaOOAMICUS 005 20080605000000.0 008 080605s1968 it u000 u ita u 013 $a149749 040 $aSeMil$bita 100 1 $aButler, Samuel.$0(OLS)http://semarc/name/6908 240 14$aThe way of all flash.$0(OLS)http://semarc/title/246717 245 10$aTutti si muore /$cSamuel Butler ; A cura di Decio Pettoello. 260 $aTorino :$bUnione Tipografico-Editrice Torinese,$cstampa 1968. 300 $a517 p., [1] p. di ritratto ;$c19 cm. 500 $aFondo Ciprandi. 700 1 $aPettoello, Decio,$d<1886-1984>.$0(OLS)http://semarc/name/8835 850 $aSeMil 852 $aSeMil$W1$xVenegono$y1$m1W III 127$j123170$B123170$CSeMilBibl$Z2$F134425 $81 941 1 $a1 961 $aOmaggio: Ciprandi dott. Paolo 996 $6245$aTutti si muore$9(OLS)http://semarc/title/246716 996 $6260$aTorino :$bUnione Tipografico-Editrice Torinese$9(OLS)http://semarc/publisher/29628 LEADER 01098nas a2200229 i 4500 001 000000191091 003 CaOOAMICUS 005 20100726000000.0 008 100716b2009 it uu u0 0ita r 013 $a169581 040 $aSeMil$bita 245 10$a2009. 260 $aFirenze :$bSocietà Italiana di Antropologia e Etnologia,$c2009 (stampa 2010) 300 $a242 p. :$bill., grafici, tabelle ;$c24 cm. 500 $aArticoli con sintesi in italiano [Riassunto] e in inglese [Summary] in testa. - Contiene : Rendiconti della Società Italiana di Antropologia e Etnologia [febbraio-novembre 2009]. 773 0 $tArchivio per l'Antropologia e l'Etnologia.$dFirenze : La Nuova Italia $x0373-3009$w()1910 774 0 $t[vedi periodico].$w()273407 850 $aSeMil 852 $aSeMil$W1$xVenegono$y1$m95 5 42$j141705$B141705$CSeMilBibl$Z2$F153534 $85 961 $aAbbonamento: Società Italiana di Antropologia e Etnologia 996 $6245$a2009$9(OLS)http://semarc/title/254386 996 $6260$aFirenze :$bSocietà Italiana di Antropologia e Etnologia$9(OLS)http://semarc/publisher/47351